| 000 | 00851nam a2200205Ia 4500 | ||
|---|---|---|---|
| 999 |
_c4432 _d4432 |
||
| 003 | OSt | ||
| 005 | 20200326102221.0 | ||
| 008 | 191128s2006 ck a gr 000 0 spa d | ||
| 020 | _a9587061683 | ||
| 040 |
_aCO-JMCR _cCO-JMCR |
||
| 082 | 0 | 4 |
_a005.740285 / _bJ614i |
| 100 | 1 |
_aJiménez, Camilo, _eeditor _91891 |
|
| 245 | 1 | 0 |
_aInternet a la mano / _cCamilo Jiménez |
| 260 |
_aBogotá : _bCasa Editorial el Tiempo : Periódico Hoy, _c2006 |
||
| 300 |
_a192 páginas : _bilustraciones a color ; _c 27 cm. |
||
| 505 | _a¿Qué es internet? -- Requisitos y costos para navegar -- Navegar o naufragar -- Navegar o naufragar II -- Buscar es fácil -- Mucho más que busca -- El correo electrónico -- Usar el correo electrónico -- Seguridad en el correo electrónico | ||
| 546 | _aspa | ||
| 650 | 1 | 4 |
_aInternet Internet de las cosas _91892 |
| 942 |
_2ddc _cBK |
||